Badr Shākir al-Sayyāb fī ḥayātihī wa-adabih. (Record no. 50344)

MARC details
000 -LEADER
fixed length control field 00695cam a22002171 4500
001 - CONTROL NUMBER
control field ne 68001660
003 - CONTROL NUMBER IDENTIFIER
control field DLC
005 - DATE AND TIME OF LATEST TRANSACTION
control field 20260227111841.0
008 - FIXED-LENGTH DATA ELEMENTS--GENERAL INFORMATION
fixed length control field 880914s1966 xx ch 000 0 arar
010 ## - LIBRARY OF CONGRESS CONTROL NUMBER
LC control number ne 68001660
035 ## - SYSTEM CONTROL NUMBER
System control number (OCoLC)18485759
040 ## - CATALOGING SOURCE
Original cataloging agency DLC
Transcribing agency CU
Modifying agency CU
-- DLC
050 00 - LIBRARY OF CONGRESS CALL NUMBER
Classification number PJ7862.A93
Item number A6 1966
100 1# - MAIN ENTRY--PERSONAL NAME
Personal name Sayyāb, Badr Shākir,
Dates associated with a name 1926-1964.
245 10 - TITLE STATEMENT
Title Badr Shākir al-Sayyāb fī ḥayātihī wa-adabih.
260 ## - PUBLICATION, DISTRIBUTION, ETC.
Place of publication, distribution, etc. [n. p.]
Name of publisher, distributor, etc. Manshūrāt Aḍwāʼ
Date of publication, distribution, etc. [1966?]
300 ## - PHYSICAL DESCRIPTION
Extent 142 p.
Other physical details facsims., 2 ports.
Dimensions 20 cm.
500 ## - GENERAL NOTE
General note Cover title: Badr Shākir al-Sayyāb, al-rajul wa-al-shāʻir.
500 ## - GENERAL NOTE
General note Introd. signed Sīmūn Jārjī.
600 10 - SUBJECT ADDED ENTRY--PERSONAL NAME
Personal name Jargi, Simon, ed.

No items available.

Powered by Koha